[Event "IND-ch U15 49th"]
[Site "Hosur"]
[Date "2024.11.10"]
[Round "10"]
[White "Aneesh, Adiga"]
[Black "Kalyani, Sirin"]
[Result "0-1"]
[WhiteElo "1824"]
[BlackElo "2133"]
[PlyCount "148"]
[EventDate "2024.11.03"]
[EventType "swiss"]
[EventRounds "11"]
[EventCountry "IND"]
[SourceTitle "CB45_2024"]
[Source "ChessBase"]
[SourceDate "2024.11.06"]
[SourceVersion "1"]
[SourceVersionDate "2024.11.06"]
[SourceQuality "1"]

1. e4 c5 2. Nf3 d6 3. Bb5+ Nd7 4. 0-0 a6 5. Bd3 Ngf6 6. Re1 e6 7. c3 b5 8. Bc2 c4 9. a4 Bb7 10. d4 cxd3 11. Qxd3 Nc5 12. Qe2 bxa4 13. Be3 Nfd7 14. Bxc5 Nxc5 15. Rxa4 g6 16. Rd1 Bg7 17. Rc4 Qb6 18. b4 Nd7 19. Ba4 Rd8 20. Nd4 Rc8 21. Na3 Ke7 22. Qe3 Bxd4 23. Rcxd4 Ne5 24. Qd2 Rhd8 25. Kh1 d5 26. f4 Nc6 27. Bxc6 Bxc6 28. exd5 Rxd5 29. Rxd5 Bxd5 30. c4 Bb7 31. c5 Qc7 32. Nc4 Bd5 33. Nd6 Rb8 34. Qc3 Qc6 35. Rd2 f6 36. Rb2 Qa4 37. h3 Qd1+ 38. Kh2 Qf1 39. Qd4 Qc1 40. Re2 Qf1 41. Rc2 Qb1 42. c6 Rd8 43. Qa7+ Kxd6 44. Qc5+ Kc7 45. Qa7+ Kd6 46. c7 Rc8 47. Qxa6+ Kd7 48. Qb5+ Ke7 49. Qc5+ Kd7 50. Qb5+ Ke7 51. Qc5+ Kf7 52. Rc1 Qe4 53. Rc2 Qxf4+ 54. Kg1 Be4 55. Qd4 Ke8 56. b5 Qe5 57. Qxe5 fxe5 58. b6 Kd7 59. Rd2+ Kc6 60. Rd8 Kb7 61. Rd6 Bc6 62. Rd8 e4 63. g3 e3 64. Kf1 Bb5+ 65. Ke1 e5 66. g4 Bc4 67. h4 Be6 68. g5 Bg4 69. Rd6 Ra8 70. Kf1 Ra1+ 71. Kg2 e2 72. Rd8 e1Q 73. Rb8+ Kc6 74. c8Q+ Bxc8 0-1